Biathlon Verfolgungsweltcup der Frauen 24/25 - Statistiken

Allgemein
  • Dieses Quiz wurde 41 mal gespielt
  • Das Durchschnittsergebnis liegt bei 14 aus 20
Antwortstatistiken
# Biathletin Punkte % Korrekt
3 Franziska Preuß 319
97%
2 Julia Simon 343
95%
13 Dorothea Wierer 138
92%
6 Elvira Öberg 222
92%
15 Hanna Öberg 122
92%
1 Lou Jeanmonnot 438
89%
8 Selina Grotian 190
86%
4 Jeanne Richard 245
84%
5 Oceane Michelon 238
84%
9 Justine Braisaz-Bouchet 181
76%
11 Lisa Theresa Hauser 143
73%
7 Maren Kirkeeide 214
73%
12 Vanessa Voigt 140
73%
10 Suvi Minkkinen 164
59%
14 Lena Häcki-Groß 123
54%
19 Lotte Lie 111
51%
17 Amy Baserga 114
49%
18 Aita Gasparin 111
41%
20 Paulina Batovska Fialkova 107
24%
16 Tereza Vobornikova 122
24%
Keine übereinstimmenden Quizze gefunden
Verteilung der Resultate
Anzahl Personen mit jedem Resultat
Perzentil nach korrekt beantworteten Fragen
Ihre Resultats-Entwicklung
Sie haben dieses Quiz noch nicht gespielt